| 000 | 00519nam a22002057a 4500 | ||
|---|---|---|---|
| 003 | OSt | ||
| 005 | 20171214141254.0 | ||
| 008 | 171214b xxu||||| |||| 00| 0 eng d | ||
| 020 | _a9780702055003 | ||
| 040 | _cDNLM | ||
| 082 | _aWN200 C815c 2016 | ||
| 100 |
_aCorne, Jonathan; Kumaran, Maruti _912310 |
||
| 245 | _aChest X-ray Made Easy | ||
| 250 | _a4th ed. | ||
| 260 | _aEdinburgh; Elsevier, 2016 | ||
| 300 | _aix,174p; col.ill: 22cm | ||
| 504 | _aIndex included | ||
| 650 |
_aX-ray _97392 |
||
| 942 |
_2z _cB_BANK |
||
| 999 |
_c5926 _d5926 |
||